| 000 | 00490nam a22001812 4500 | ||
|---|---|---|---|
| 001 | 0000009539 | ||
| 005 | 20151217154413.0 | ||
| 008 | 081109s xx 000 0 eng d | ||
| 020 |
_a0747271119 : _cDonation |
||
| 040 |
_aKABU _cKABU |
||
| 100 | 1 |
_aO'Farrell, Maggie. _@0000161170 |
|
| 245 | 1 | 0 |
_aMy lover's lover / _cMaggie O'Farrell. |
| 260 |
_aLondon : _bReview, _c2002. |
||
| 300 | _a322 p. | ||
| 908 | _a081109 | ||
| 950 | _@1 | ||
| 999 |
_c11042 _d11042 |
||